Joannis Petri Fontanellae ... Decisiones Sacri Regii Senatus Cathaloniae (Record no. 154115)

MARC details
000 -LEADER
campo de control de longitud fija 01024nam a2200241 i 4500
001 - NÚMERO DE CONTROL
campo de control 154115
003 - IDENTIFICADOR DE NÚMERO DE CONTROL
campo de control ES-MaACL
005 - FECHA Y HORA DE LA ÚLTIMA TRANSACCIÓN
campo de control 20230906205529.0
008 - DATOS DE LONGITUD FIJA--INFORMACIÓN GENERAL
campo de control de longitud fija 931025s1735 sz |||| | lat d
040 ## - FUENTE DE CATALOGACIÓN
Centro catalogador/agencia de origen CAM
Lengua de catalogación spa
Centro/agencia transcriptor PAB
100 1# - ENTRADA PRINCIPAL--NOMBRE DE PERSONA
Nombre de persona Fontanella, Juan Pedro.
9 (RLIN) 51612
245 10 - MENCIÓN DEL TÍTULO
Título Joannis Petri Fontanellae ... Decisiones Sacri Regii Senatus Cathaloniae
Resto del título : tomus primus...
250 ## - MENCION DE EDICION
Mención de edición Editio ultima...
Resto de la mención de edición accesserunt S. Rotae Romanae Decisiones recentissimae...; praemittitu vita authoris.
260 ## - PUBLICACIÓN, DISTRIBUCIÓN, ETC.
Lugar de publicación, distribución, etc. Coloniae Allobrogun :
Nombre del editor, distribuidor, etc. sumptibus Perachon & Cramer,
Fecha de publicación, distribución, etc. 1735.
300 ## - DESCRIPCIÓN FÍSICA
Extensión [28], 576 p. ;
Dimensiones Fol.
597 #1 - NOTA DE DESCRIPCIÓN FÍSICA
NOTA DE DESCRIPCIÓN FÍSICA Sign.: [cruz]\p8\s, 2[cruz]\p6\s, A-2Z\p6\s, 3A-3B\p6\s.
597 #1 - NOTA DE DESCRIPCIÓN FÍSICA
NOTA DE DESCRIPCIÓN FÍSICA Texto a dos col.
597 #1 - NOTA DE DESCRIPCIÓN FÍSICA
NOTA DE DESCRIPCIÓN FÍSICA Antep.
597 #1 - NOTA DE DESCRIPCIÓN FÍSICA
NOTA DE DESCRIPCIÓN FÍSICA Port. con grab. xil. (probablemente marca tip.)
610 14 - PUNTO DE ACCESO ADICIONAL DE MATERIA--NOMBRE DE ENTIDAD CORPORATIVA
Nombre de entidad corporativa o nombre de jurisdicción como elemento de entrada Cataluña. Senado-
Subdivisión general Jurisprudencia-
Subdivisión cronológica S. XVII.
9 (RLIN) 134234
740 0# - ENTRADA AGREGADA--TÍTULO RELACIONADO/ANALÍTICO NO CONTROLADO
Título relacionado o analítico no controlado Decisiones Sacri Regii Senatus Cathaloniae.
852 ## - LOCALIZACIÓN
Ubicación ES-MaACL
Número de control de estantería R-1528
Nota libre -- Enc. pasta
Signatura antigua -- Edic.: Marca tip. en port.
Encuadernación Olim: G-1908
Holdings
Estatus retirado Estado de pérdida Estado de daño No para préstamo Colección Biblioteca de origen Biblioteca actual Ubicación en estantería Fecha de adquisición Fuente de adquisición Total de préstamos Signatura topográfica completa Código de barras Visto por última vez Precio de reemplazo Tipo de ítem Koha
        Libros del s. XVIII Biblioteca del Ateneo de Madrid Biblioteca del Ateneo de Madrid Depósito 17/01/2008     R-1528 1161148 23/02/2023 23/02/2023 Libro impreso antiguo